Statistiken für Wertvollste Bundesligaspieler nach Team

Klicken Sie hier um das Quiz zu spielen!

Allgemein

  • Dieses Quiz wurde 234 mal gespielt
  • Das Durchschnittsergebnis liegt bei 8 aus 18

Antwortstatistiken

MarktwertVereinSpielername% Korrekt
80 Mio. EuroBorussia DortmundJude Bellingham
95%
80 Mio. EuroFC Bayern MünchenJoshua Kimmich
90%
80 Mio. EuroRB LeipzigChristopher Nkunku
88%
70 Mio. EuroBayer 04 LeverkusenFlorian Wirtz
86%
20 Mio. EuroBorussia MönchengladbachFlorian Neuhaus / Marcus Thuram
62%
7 Mio. Euro1. FC Union BerlinSheraldo Becker / Morten Thorsby / Jordan Siebatcheu / Diogo Leite
62%
18 Mio. EuroSC FreiburgMatthias Ginter / Philipp Lienhart
55%
32 Mio. EuroEintracht FrankfurtEvan Ndicka
37%
13 Mio. Euro1. FC KölnEllyes Skhiri
35%
20 Mio. EuroVfL WolfsburgRidle Baku / Maxence Lacroix
29%
25 Mio. EuroVfB StuttgartSasa Kalajdzic
27%
17 Mio. Euro1. FSV Mainz 05Jonathan Burkardt
26%
30 Mio. EuroTSG 1899 HoffenheimAngelino
24%
10 Mio. EuroFC Schalke 04Amine Harit
11%
12 Mio. EuroFC AugsburgReece Oxford
9%
6,5 Mio. EuroSV Werder BremenNiklas Stark
7%
12 Mio. EuroHertha BSCKrzysztof Piatek
6%
6 Mio. EuroVfL BochumLys Mousset
4%

Verteilung der Resultate

Perzentil nach korrekt beantworteten Fragen

Anzahl Personen mit jedem Resultat

Ihre Resultats-Entwicklung

Sie haben dieses Quiz noch nicht gespielt